000 00323nam a2200145Ia 4500
100 _aTurley/James L
942 _cBK
654 _a80386 programming
245 _aAdvanced 80386 programming techniques
260 _bOsborne McGraw Hill
_c1988
082 _a5.2
_bTUR
300 _a496
546 _aENGLISH
999 _c21615
_d21615